Pinkie Pie's Smile Song Quiz Stats

 Plays Quiz not verified by Sporcle

Score 0/299 Timer 13:00
0 Plays Today
% Correct
My
95.6%
my
95.6%
my
95.6%
my
95.6%
my
95.6%
my
95.6%
my
95.6%
is
95.3%
And
95.3%
smile,
95.3%
And
95.3%
is
95.3%
smile, smile, smile!
95.3%
the
95.3%
a
95.3%
smile, smile, smile!
95.3%
The
95.3%
Is
95.3%
and
95.3%
and
95.3%
a
95.3%
And
95.3%
and
95.3%
And
95.3%
And
95.3%
And
95.3%
and
95.3%
smile!
95.3%
smile
95.3%
a
95.3%
smile,
95.3%
a
95.3%
smile,
95.3%
And
95.3%
smile, smile, smile!
95.3%
smile, smile, smile!
95.3%
Smile! Smile! Smile! Smile! Smile!
95.3%
name
94.9%
Pinkie
94.9%
Pinkie
94.9%
to
94.6%
to
94.6%
to
94.6%
to
94.6%
to
94.6%
To
94.6%
to
94.6%
to
94.6%
to
94.6%
to
94.6%
to
94.6%
to
94.6%
to
94.6%
to
94.6%
Pie
93.9%
here
93.2%
here
93.2%
am
92.5%
am
92.5%
say,
92.2%
say
92.2%
(Hello!)
88.8%
you
88.8%
you
88.8%
you
88.8%
you
88.8%
you
88.8%
you
88.8%
you
88.8%
you
88.8%
you
88.8%
you
88.8%
you
88.8%
you
88.8%
make
88.1%
make
88.1%
make
88.1%
make
88.1%
I
85.8%
I
85.8%
day!
85.8%
do!
85.8%
I
85.8%
I
85.8%
do!
85.8%
I
85.8%
I
85.8%
I
85.8%
do
85.8%
I
85.8%
I
85.8%
do!
85.8%
I
85.8%
I
85.8%
I
85.8%
I
85.8%
I
85.8%
I
85.8%
do!
85.8%
I
85.8%
% Correct
I
85.8%
do!
85.8%
day!
85.8%
up
85.4%
up
85.4%
up,
85.4%
will
83.4%
your
83.4%
your
83.4%
your
83.4%
will
83.4%
Your
83.4%
sad
82%
sad
82%
sad,
82%
I'm
81%
brighten
80.7%
It
80.7%
It
80.7%
it
80.7%
it
80.7%
it
80.7%
It
80.7%
it
80.7%
are
80%
are
80%
sunshine
79.7%
sunshine, sunshine!
79.7%
friends
79.3%
friends
79.3%
friends
79.3%
what
79%
what
79%
If
78.3%
if
78.3%
Yes
77.6%
Yes
77.6%
Yes
77.6%
Yes
77.6%
Yes
77.6%
gonna
77.3%
blue,
76.9%
all
76.9%
all
76.9%
happy
76.9%
happy,
76.9%
happy!
76.9%
happy
76.9%
'Cuz
76.6%
'Cuz
76.6%
'Cuz
76.6%
'Cuz
76.6%
with
76.3%
does!
76.3%
fill
76.3%
with
76.3%
with
76.3%
or
75.9%
love
75.6%
of
75.6%
love
75.6%
of
75.6%
of
75.6%
of
75.6%
love
75.6%
be
75.6%
love
75.6%
heart
74.9%
'Cuz
74.9%
cheer!
74.9%
Pinkie's
74.6%
Pinkie's
74.6%
that
74.2%
that
74.2%
that
74.2%
that
74.2%
That
74.2%
just
73.2%
real
73.2%
Just
73.2%
me
71.9%
me
71.9%
me
71.9%
me
71.9%
me!
71.9%
me
71.9%
me
71.9%
really
71.5%
really
71.5%
matter
71.2%
cheering
71.2%
fills
70.8%
while!
70.8%
mine!
70.8%
fills
70.8%
grin!
70.5%
grin, grin, grin!
70.5%
grin, grin, grin!
70.5%
doesn't
70.2%
so
70.2%
% Correct
so
70.2%
frown,
69.8%
frown
69.8%
see
69.5%
see
69.5%
see
69.5%
see
69.5%
From
69.2%
from
69.2%
turn
68.5%
upside
68.5%
these
68.1%
down!
68.1%
now,
67.8%
(Howdy!)
67.8%
lonely...
67.8%
makes
67.8%
makes
67.8%
makes
67.8%
makes
67.8%
some
66.8%
beam!
66.4%
But
66.4%
days
66.4%
dark
66.4%
But
66.4%
beam, beam, beam!
66.4%
beam, beam, beam!
66.4%
need's
65.8%
mouth
64.1%
there
64.1%
corners
63.4%
(C'mon everypony
63.4%
feel
63.1%
It's
62.7%
isn't
62.7%
always
62.4%
dream!
62.4%
always
62.4%
like
62%
best
62%
bad.
62%
when
61.7%
get
61.7%
get
61.7%
when
61.7%
give
61.4%
give
61.4%
show
60.7%
true,
60.3%
you're
59.3%
them
59%
special
58.6%
turned
58.3%
face
58.3%
glee!
58.3%
life
58%
one
57.3%
whole
57.3%
kind
56.9%
I'll
56.9%
that's
56.6%
that's
56.6%
worried,
56.3%
maybe
55.6%
thing
55.6%
worthwhile,
55.3%
hard
54.9%
(What's up?)
54.6%
(How ya doin'?)
52.9%
made
52.5%
work
52.5%
talk
52.5%
There's
50.8%
ear
50.2%
ear,
50.2%
(Rock on!)
48.8%
good
48.8%
(Awesome!)
48.5%
Fill my heart up with
48.5%
can
47.1%
(Hoof bump!)
46.8%
has
46.1%
joyful
46.1%
Tell
44.1%
begin!
43.4%
All I really need's a
43.1%
C'mon and smile!
42.7%
C'mon and smile!
42.7%
C'mon and smile!
42.7%
C'mon and smile!
42.7%
Let
42%
more
41.7%
From these happy friends of mine!) x3
41.7%
out
37.6%
Is a smile as wide as a mile!
30.8%
Busted
29.2%
To make me happy as can be!
29.2%
Yes a perfect gift for me!
28.1%

You're not logged in!

Compare scores with friends on all Sporcle quizzes.
OR
Log In

Sporcle TV

Today on Sporcle TV


Watch our educational content, quiz creation guides, and fun videos on Sporcle TV.

Show Comments

Extras

Created Feb 27, 2012ReportNominate
Tags:Lyrics Quiz, Song Quiz, magic, pony

Top Quizzes Today


Score Distribution

Your Account Isn't Verified!

In order to create a playlist on Sporcle, you need to verify the email address you used during registration. Go to your Sporcle Settings to finish the process.

Report this User

Report this user for behavior that violates our Community Guidelines.

Details: